| 000 | 00576nam a2200205 i 4500 | ||
|---|---|---|---|
| 001 | 48908 | ||
| 003 | ES-MaACL | ||
| 005 | 20250729081831.0 | ||
| 007 | t| | ||
| 008 | 030702s1966 sp |||| | spa d | ||
| 100 | 1 |
_aCordón, Faustino. _940557 |
|
| 245 | 1 | 3 |
_aLa evolución conjunta de los animales y su medio / _cFaustino Cordón. |
| 250 | _a1ª ed. | ||
| 260 |
_a[Barcelona : _bEdiciones 62, _c1966] |
||
| 300 |
_a211 p. ; _c20 cm. |
||
| 650 | 4 |
_aEvolución. _912625 |
|
| 650 | 7 |
_aEvolucionismo _2embne _912629 |
|
| 852 |
_aES-MaACL _jC-31113 |
||
| 999 |
_c48908 _d48908 |
||